|
|
|
|
| LEADER |
00000nam0a2200000 4500 |
| 001 |
294632 |
| 005 |
20231102000724.0 |
| 035 |
|
|
|a (RuTPU)RU\TPU\book\319705
|
| 035 |
|
|
|a RU\TPU\book\150576
|
| 090 |
|
|
|a 294632
|
| 100 |
|
|
|a 20150514d1961 km y0rusy50 ca
|
| 101 |
0 |
|
|a rus
|
| 102 |
|
|
|a RU
|
| 105 |
|
|
|a a z 000zy
|
| 200 |
1 |
|
|a Аэродинамический расчет котельных установок (нормативный метод) с приложением графиков для расчетов
|f Центральный научно-исследовательский проектно-конструкторский котлотурбинный институт им. И. И. Ползунова (ЦКТИ) ; под ред. С. И. Мочана
|
| 210 |
|
|
|a Москва
|a Ленинград
|c Госэнергоиздат
|d 1961
|
| 215 |
|
|
|a 135 с.
|
| 606 |
1 |
|
|a Котельные установки
|x Аэродинамический расчет
|2 stltpush
|3 (RuTPU)RU\TPU\subj\15982
|9 42177
|
| 610 |
1 |
|
|a расчетные формулы
|
| 610 |
1 |
|
|a газовый тракт
|
| 610 |
1 |
|
|a пучки
|
| 610 |
1 |
|
|a воздушный тракт
|
| 610 |
1 |
|
|a дымососы
|
| 610 |
1 |
|
|a вентиляторы
|
| 610 |
1 |
|
|a таблицы
|
| 610 |
1 |
|
|a графики
|
| 675 |
|
|
|a 621.18.013
|v 3
|
| 702 |
|
1 |
|a Мочан
|b С. И.
|4 340
|
| 712 |
0 |
2 |
|a Центральный научно-исследовательский проектно-конструкторский котлотурбинный институт им. И. И. Ползунова (ЦКТИ)
|c (Ленинград)
|c (1935-1994)
|2 stltpush
|3 (RuTPU)RU\TPU\col\3002
|
| 801 |
|
0 |
|a RU
|b 63413507
|c 20011210
|g PSBO
|
| 801 |
|
2 |
|a RU
|b 63413507
|c 20230119
|g PSBO
|
| 900 |
|
|
|a Котельные установки промпредприятий
|
| 900 |
|
|
|a Вспомогательное оборудование котельных установок
|
| 942 |
|
|
|c BK
|